| 000 | 00587nam a2200205Ia 4500 | ||
|---|---|---|---|
| 999 |
_c31260 _d31260 |
||
| 001 | 31138 | ||
| 003 | PK-LaUMT | ||
| 005 | 20221004170356.0 | ||
| 008 | 140416s9999 xx 000 0 und d | ||
| 040 | _cPK-LaUMT | ||
| 082 |
_aW 658.562 _bTRA- |
||
| 100 | _aAnderson, Kym | ||
| 245 |
_aTrade, standards, and the political economy of genetical modified food _cAnderson, Kym<>Lee Ann Jackson<>Richard Damania |
||
| 260 |
_aWashington,USA: _bWorld Bank, _c2004 |
||
| 300 | _a30 p. | ||
| 546 | _aEN | ||
| 700 | _aLee Ann Jackson | ||
| 700 | _aRichard Damania | ||
| 942 |
_cWEEDED OUT _2ddc |
||